000
00270nam a2200121Ia 4500
003
GCL
008
140319s9999 xx 000 0 ara d
040
_a
GCL /
_c
GCL
082
0
4
_a
813.009
_b
ج ن
245
1
0
_a
نجيب محفوظ يتذكر
300
_a
119 ص
490
_a
999
_c
37947
_d
37947